Equipe de France: Coupe du monde 2018 - Statistiken

Allgemein
  • Dieses Quiz wurde 14 mal gespielt
  • Das Durchschnittsergebnis liegt bei 15 aus 23
Antwortstatistiken
Hint Antwort % Korrekt
Défenseur Benjamin Pavard
93%
Gardien Hugo Lloris
93%
Attaquant Kylian Mbappé
93%
Attaquant Olivier Giroud
93%
Milieux de terrain Paul Pogba
93%
Défenseur Lucas Hernandez
86%
Attaquant Antoine Griezmann
79%
Milieux de terrain N'Golo Kanté
79%
Attaquant Ousmane Dembélé
79%
Défenseur Raphaël Varane
79%
Défenseur Samuel Umtiti
79%
Gardien Steve Mandanda
64%
Gardien Alphonse Areola
50%
Défenseur Benjamin Mendy
50%
Milieux de terrain Blaise Matuidi
50%
Attaquant Florian Thauvin
50%
Attaquant Nabil Fekir
50%
Milieux de terrain Corentin Tolisso
43%
Milieux de terrain Steven Nzonzi
43%
Attaquant Thomas Lemar
43%
Défenseur Adil Rami
36%
Défenseur Presnel Kimpembe
36%
Défenseur Djibril Sidibé
21%
Keine übereinstimmenden Quizze gefunden
Verteilung der Resultate
Anzahl Personen mit jedem Resultat
Perzentil nach korrekt beantworteten Fragen
Ihre Resultats-Entwicklung
Sie haben dieses Quiz noch nicht gespielt